NDU-K Library Catalogue

Girl in a jacket 

Organisational Behaviour (Record no. 23673)

MARC details
000 -LEADER
fixed length control field 00438nam a22001697a 4500
003 - CONTROL NUMBER IDENTIFIER
control field OSt
005 - DATE AND TIME OF LATEST TRANSACTION
control field 20260408061226.0
008 - FIXED-LENGTH DATA ELEMENTS--GENERAL INFORMATION
fixed length control field 260408b |||||||| |||| 00| 0 eng d
020 ## - INTERNATIONAL STANDARD BOOK NUMBER
International Standard Book Number 0-8264-5387-2
040 ## - CATALOGING SOURCE
Transcribing agency IPSTC
050 ## - LIBRARY OF CONGRESS CALL NUMBER
Classification number HD 58.7
Item number .C65 1995
100 ## - MAIN ENTRY--PERSONAL NAME
Personal name G.A COLE
245 ## - TITLE STATEMENT
Title Organisational Behaviour
Remainder of title Theory and Practice
260 ## - PUBLICATION, DISTRIBUTION, ETC.
Name of publisher, distributor, etc. Thomson Learning
500 ## - GENERAL NOTE
General note includes bibliographical and index
942 ## - ADDED ENTRY ELEMENTS (KOHA)
Source of classification or shelving scheme Library of Congress Classification
Koha item type Normal Collection
Suppress in OPAC No
Holdings
Withdrawn status Lost status Source of classification or shelving scheme Damaged status Not for loan Home library Current library Date acquired Inventory number Total Checkouts Full call number Barcode Date last seen Price effective from Koha item type
    Library of Congress Classification     International Peace Support Training Centre (IPSTC) International Peace Support Training Centre (IPSTC) 08/04/2026 495/2007   HD 58.7 .C65 1995 200104952007 08/04/2026 08/04/2026 Normal Collection
Copyright © 2026 [National Defence University - Kenya]. All rights reserved.